000 01105cam a2200289 4500
001 ABS64110
008 000000n2001 000 0 eng u
035 _a(Sirsi) u113388
100 _aSmith, K.
245 _aIRE MORI poll
260 _c2001
490 _aProperty Week
_v66(25) 22 June 2001, 40-42(3)
520 _aSecond part of a feature analysing the results of the Insignia Richard Ellis/MORI/Property Week survey of pension holders focusing on their attitudes to securitised property investment vehicles, pension funds with an above average percentage invested in property, tall buildings and out-of-town shopping centres. Graphs.
590 _aABS
650 _aOUT OF TOWN SHOPPING CENTRES
650 _aOUT-OF-TOWN SHOPPING CENTRES
650 _aPENSION FUNDS
650 _aPENSION INVESTMENT
650 _aPROPERTY INVESTMENT
650 _aPROPERTY INVESTMENT VEHICLES
650 _aPROPERTY SHARES
650 _aREITS
650 _aREITS
650 _aTALL BUILDINGS
690 _aPROPERTY-COMMERCIAL PROPERTY-COMMERCIAL PROPERTY FINANCE AND INVESTMENT
942 _n0
999 _c67552
_d67552